| 000 | 00700nam a2200205 a 4500 | ||
|---|---|---|---|
| 001 | 000026492 | ||
| 005 | 20200930030243.0 | ||
| 008 | 810211s1974 mx a 000 0 spa d | ||
| 040 |
_aDO-SdBNP _bspa _cBNPHU |
||
| 041 | 1 | 7 |
_aspa _hfre |
| 082 |
_axxx _bC615p |
||
| 100 | 1 |
_aClaude Lewis, John Noel _d1912- _953562 |
|
| 240 | 1 | 0 |
_aTypography, basic principles. _lEspañol. |
| 245 | 1 | 0 |
_aPrincipios básicos de tipografía / _cJohn Lewis ; traducción Agustín Contin. |
| 260 |
_aMéxico, D. F. : _bTrillas, _c1974. |
||
| 300 |
_a96 p. : _bil., facsims. ; _c22 cm. |
||
| 534 |
_aTítulo de esta obra en inglés: _tTypography, basic principles. |
||
| 700 | 1 |
_aContin, Agustín _etr. _945783 |
|
| 049 | _aBNGR | ||
| 999 |
_c25984 _d25984 |
||